01588nam a2200397Ia 4500001001200000003000800012006001900020007001500039008004100054010001700095020001800112020001800130040002100148035002100169050002700190082001700217100003200234245010600266260004300372300001100415504005400426533015200480600006000632600005800692600004200750600004200792650003700834650002400871650005200895650002900947650002300976655002900999710001701028856012601045999001901171ebr10589183CaPaEBRm u cr cn|||||||||100819s2010 enk sb 000 0 eng d z 2010033903 z9783034304399 z9783035101102 aCaPaEBRcCaPaEBR a(OCoLC)81138648014aPR5827.A35bM37 2010eb04a828/.8092221 aMarcovitch, Heather,d1969-14aThe art of the poseh[electronic resource] :bOscar Wilde's performance theory /cHeather Marcovitch. aBern ;aNew York :bPeter Lang,c2010. a222 p. aIncludes bibliographical references (p. 213-222). aElectronic reproduction.bPalo Alto, Calif. :cebrary,d2011.nAvailable via World Wide Web.nAccess may be limited to ebrary affiliated libraries.10aWilde, Oscar,d1854-1900xCriticism and interpretation.10aWilde, Oscar,d1854-1900xKnowledgexPerforming arts.10aWilde, Oscar,d1854-1900xAesthetics.10aWilde, Oscar,d1854-1900xPhilosophy. 0aSelf-presentation in literature. 0aSelf in literature. 0aIdentity (Philosophical concept) in literature. 0aPersona (Psychoanalysis) 0aImage (Philosophy) 7aElectronic books.2local2 aebrary, Inc.40uhttp://site.ebrary.com/lib/rucke/Doc?id=10589183zAn electronic book accessible through the World Wide Web; click to view c208631d208631